| 000 | 00491nam a2200205Ia 4500 | ||
|---|---|---|---|
| 003 | 0100 | ||
| 008 | 130227s9999 xx 000 0 und d | ||
| 040 | _cARRUPELIB | ||
| 050 | _aHM22.F8D86N723 | ||
| 100 | _aNisbet, Robert A. | ||
| 245 | _aEmile Durkheim | ||
| 260 | _aEnglewood Cliffs | ||
| 260 | _brentice-Hall | ||
| 260 | _C1965 | ||
| 300 | _ax | ||
| 300 | _b 179p 20cm | ||
| 440 | _aMakers of modern social science | ||
| 650 | _bNational Gallery of Art (US) | ||
| 942 |
_2lcc _01 |
||
| 999 |
_c6321 _d6321 |
||